000 00897nas a2200301 4500
001 BR0204904
003 BR-BrBNA
005 20231205103254.0
007 ta
008 230509b bl.|||p| |||| 00| 00por d
040 _aBR-BrBNA
_bpor
_cBiblioteca Nacional de Agricultura
041 _a(Pt)
072 _aQ54
100 1 _aJudice, M.P.M.
100 1 _aBertechini, A.G.
100 1 _aMuniz, J.A.
100 1 _aRodrigues, P.B.
100 1 _aFassani, E.J.
245 1 _aBalanço cátio-aniônico das rações e manejo alimentar para poedeiras de segundo ciclo
650 _aGALINHA PARA POSTURA
650 _aRAÇÃO
650 _aOVO
650 _aQUALIDADE
650 _aCOMPOSIÇÃO QUÍMICA
773 0 _tCiência e Agrotecnologia (Brazil)
_xISSN 1413-7054
_g(May-Jun 2002), v. 26(3) p. 598-609
_wBR0204904
909 _a202311
_bLúcia
_c55
_dLúcia Elande
942 _2AGRIS
_n0
_cANA
999 _c172001
_d172001